[Event "9th Open"]
[Site "Foxwoods USA"]
[Date "2007.04.07"]
[Round "7"]
[White "Bradford,J"]
[Black "Fleischman,E"]
[Result "1-0"]
[WhiteElo "2424"]
[BlackElo "2092"]

1.Nf3 Nf6 2.c4 g6 3.g3 Bg7 4.Bg2 O-O 5.O-O c5 6.d4 d6 7.Nc3 Nc6 8.d5 Na5
9.Nd2 a6 10.Qc2 Rb8 11.b3 b5 12.Bb2 bxc4 13.bxc4 Bh6 14.f4 Ng4 15.Nd1 Rxb2
16.Qxb2 Bg7 17.Qc1 Bd4+ 18.Kh1 Bxa1 19.Qxa1 e6 20.Qc3 exd5 21.cxd5 f5 22.e4 Bb7
23.h3 Nf6 24.Ne3 fxe4 25.Nxe4 Nxe4 26.Bxe4 Qf6 27.Qxf6 Rxf6 28.Kg2 Rf7 29.g4 Bc8
30.f5 gxf5 31.Bxf5 Bxf5 32.Nxf5 Rd7 33.g5 Nc4 34.h4 Nb6 35.Rd1 c4 36.Kf3 Rd8
37.Ke4 Re8+ 38.Kd4 Re5 39.Ne3 c3 40.Rb1 Na4 41.Rb8+ Kf7 42.Rc8 Re7 43.Rc4 Nc5
44.Nf5 Re4+ 45.Kxc3 Na4+ 46.Kb4 Rxc4+ 47.Kxc4 Kg6 48.Nxd6 Kh5 49.Ne4 Kxh4
50.d6 Kg4 51.Kd5 Kf5 52.Kc6  1-0

[Event "8th ch-Euro"]
[Site "Dresden GER"]
[Date "2007.04.14"]
[Round "11"]
[White "Cvitan,O"]
[Black "Savickas,A"]
[Result "1-0"]
[WhiteElo "2540"]
[BlackElo "2372"]

1.Nf3 Nf6 2.c4 g6 3.g3 Bg7 4.Bg2 O-O 5.d4 d6 6.O-O Nc6 7.Nc3 Bf5 8.Ne1 Na5
9.e4 Bg4 10.f3 Bd7 11.b3 c5 12.Nc2 Nc6 13.Be3 Qa5 14.Qd3 cxd4 15.Nxd4 a6
16.a4 Nxd4 17.Bxd4 Bc6 18.Rab1 Nd7 19.b4 Bxd4+ 20.Qxd4 Qb6 21.Rfd1 Qxd4+
22.Rxd4 b6 23.f4 Ra7 24.Rbd1 f6 25.Bh3 Kf7 26.b5 axb5 27.axb5 Ba8 28.Bxd7 Rxd7
29.e5 Ke6 30.exd6 Rxd6 31.Rxd6+ exd6 32.Ra1 Rc8 33.Na4 Rb8 34.Nxb6 Rxb6 35.Rxa8 Rb7
36.Kf2 d5 37.Ra6+ Ke7 38.cxd5 Rb8 39.Ra7+ Ke8 40.Rxh7  1-0

[Event "Reykjavik International"]
[Site "Reykjavik ISL"]
[Date "2007.04.15"]
[Round "5"]
[White "McNab,C"]
[Black "Bjarnason,S"]
[Result "1-0"]
[WhiteElo "2418"]
[BlackElo "2262"]

1.c4 Nf6 2.Nf3 g6 3.g3 Bg7 4.Bg2 O-O 5.O-O d6 6.d4 Nc6 7.Nc3 Bg4 8.d5 Na5
9.Qd3 c5 10.Nd2 a6 11.b3 Rb8 12.Rb1 Qd7 13.Nde4 Nxe4 14.Nxe4 b5 15.Bd2 bxc4
16.bxc4 Qa4 17.Bxa5 Qxa5 18.Qc2 Bd7 19.Nd2 Qc3 20.Be4 Rb4 21.Rb3 Qxc2 22.Bxc2 a5
23.a3 Rxb3 24.Nxb3 Bc3 25.Rb1 Rb8 26.Nd2 Rb2 27.Rxb2 Bxb2 28.a4 g5 29.e3 g4
30.Kf1 Kg7 31.Ke2 e6 32.Kd3 h6 33.Nb3 exd5 34.Nxa5 d4 35.Nb7 dxe3 36.Nxd6 exf2
37.Ke2 Bd4 38.a5 Bc6 39.Be4 Be5 40.Nf5+ Kf6 41.Bxc6 Kxf5 42.Kxf2 Kg5 43.Ke3 f5
44.a6 Bb8 45.Bd7 h5 46.Kd3 f4 47.Ke4 f3 48.Ke3 h4 49.gxh4+ Kxh4 50.Bc6 Kg5
51.Bxf3 gxf3 52.Kxf3 Kf5 53.h4 Ke5 54.h5 Kd6 55.h6 Kc6 56.Ke4  1-0

[Event "12th Cvitanovic Mem A"]
[Site "Split CRO"]
[Date "2007.04.30"]
[Round "3"]
[White "Bogosavljevic,B"]
[Black "Martinovic,Sa"]
[Result "1-0"]
[WhiteElo "2470"]
[BlackElo "2400"]

1.Nf3 Nf6 2.c4 g6 3.g3 Bg7 4.Bg2 O-O 5.O-O d5 6.d4 dxc4 7.Ne5 c5 8.d5 Nbd7
9.Nxc4 b5 10.Ne3 Bb7 11.a4 a6 12.axb5 axb5 13.Rxa8 Qxa8 14.Na3 b4 15.Nac4 Rd8
16.Qd3 Nf8 17.Qc2 b3 18.Qxb3 Nxd5 19.Na5 Nxe3 20.Nxb7 Nxf1 21.Nxd8 Qxd8 22.Bxf1 Ne6
23.e3 Bf6 24.Bc4 Kg7 25.h4 Qa5 26.Kg2 Nd8 27.Bd5 e6 28.Bf3 h5 29.Qc2 Qb5
30.b3 Nc6 31.Qc4 Qb6 32.Ba3 Na5 33.Qxc5 Qxc5 34.Bxc5 Nxb3 35.Bb4 Nc1 36.Kf1 Nd3
37.Ba5 Ne5 38.Bb7 Ng4 39.Ke2 Nh6 40.Kd3 Nf5 41.e4 Nh6 42.f3 Be5 43.Be1 Ng8
44.Kc4 Kf8 45.Kc5 Ke7 46.Kc6 Bd6 47.Ba6 Nf6 48.Bc8 Ba3 49.Bf2 Kd8 50.Ba6 Nd7
51.Be2 Ne5+ 52.Kb5 Ke7 53.Be3 Bd6 54.Bf2 Kd7 55.Kb6 Bc7+ 56.Kb7 Bd6 57.Be3 Ke7
58.f4 Nd7 59.Kc6 Nb8+ 60.Kb5 Nd7 61.Kc4 Bb8 62.Bd1 Bc7 63.Kb5 Nb8 64.e5 f6
65.Bc5+ Kf7 66.Bd6 Bxd6 67.exd6 e5 68.Bb3+ Ke8 69.fxe5 fxe5 70.Kc5 e4 71.Bc2 Nd7+
72.Kd4 Kf7 73.Bxe4 Ke6 74.Bxg6 Nf6 75.Kc5 Nd7+ 76.Kc6 Nb8+ 77.Kb7 Nd7 78.Kc7 Nf6
79.Bxh5 Nd5+ 80.Kc6 Nb4+ 81.Kc5 Nd3+ 82.Kc6 Nb4+ 83.Kb5 Nd3 84.Be2 Ne5 85.Kc5  1-0

[Event "I Open Casino"]
[Site "Lugano SUI"]
[Date "2007.05.01"]
[Round "5"]
[White "Castrogiovanni,C"]
[Black "Steenvoorden,D"]
[Result "0-1"]
[WhiteElo "2084"]
[BlackElo "2071"]

1.Nf3 Nf6 2.c4 g6 3.g3 Bg7 4.Bg2 O-O 5.Nc3 d6 6.d4 c6 7.O-O Qc7 8.e4 e5 9.d5 c5
10.Nh4 a6 11.f4 exf4 12.gxf4 Ng4 13.Nf3 b5 14.cxb5 axb5 15.a3 b4 16.Ne2 Nh6
17.e5 Ra7 18.Ng3 Nf5 19.Nxf5 Bxf5 20.Re1 Nd7 21.b3 c4 22.bxc4 Qxc4 23.Bf1 Qc3
24.Bd2 Qb2 25.Qc1  0-1

[Event "TCh-RUS HL"]
[Site "Sochi RUS"]
[Date "2007.05.10"]
[Round "8"]
[White "Loginov,Va"]
[Black "Moiseenko,V RUS"]
[Result "1/2-1/2"]
[WhiteElo "2496"]
[BlackElo "2404"]

1.Nf3 Nf6 2.g3 g6 3.c4 Bg7 4.Bg2 O-O 5.d4 d6 6.O-O Nc6 7.Nc3 a6 8.Bg5 Rb8
9.Rc1 Bd7 10.d5 Na5 11.b3 c5 12.dxc6 Nxc6 13.a4 Re8 14.e4 Qa5 15.Qd2 Bg4
16.h3 Bxf3 17.Bxf3 Nd7 18.Ne2 Qxd2 19.Bxd2 Nc5 20.Rb1 b5 21.axb5  1/2-1/2

[Event "Capo d'Orso"]
[Site "Porto Mannu PAL"]
[Date "2007.05.19"]
[Round "1"]
[White "Marin,M"]
[Black "Di Paolo,R"]
[Result "1-0"]
[WhiteElo "2533"]
[BlackElo "2341"]

1.c4 Nf6 2.Nf3 g6 3.g3 Bg7 4.Bg2 O-O 5.O-O d6 6.Nc3 e5 7.d4 Nc6 8.d5 Ne7
9.e4 Ng4 10.h3 Nh6 11.Ne1 f5 12.Nd3 Nf7 13.f4 exf4 14.Bxf4 fxe4 15.Nxe4 Nf5
16.Qd2 h6 17.g4 Nh4 18.Rae1 g5 19.Bh2 Ng6 20.Ng3 Nfe5 21.Rxf8+ Qxf8 22.Nh5 Nxc4
23.Qc1 Bd4+ 24.Kh1 b5 25.b3 Nce5 26.Nxe5 Nxe5 27.Qd1 c5 28.dxc6  1-0

[Event "ch-USA"]
[Site "Stillwater USA"]
[Date "2007.05.22"]
[Round "8"]
[White "Bradford,J"]
[Black "Bonin,J"]
[Result "1-0"]
[WhiteElo "2424"]
[BlackElo "2352"]

1.Nf3 Nf6 2.c4 g6 3.g3 Bg7 4.Bg2 O-O 5.O-O c6 6.d4 d6 7.Nc3 Qa5 8.h3 e5 9.e4 Nbd7
10.Re1 exd4 11.Nxd4 Ne5 12.Bf1 Be6 13.Nxe6 fxe6 14.Be3 Rad8 15.f4 Nf7 16.Bg2 Nd7
17.Rc1 Nb6 18.Qb3 Rfe8 19.Red1 e5 20.f5 gxf5 21.exf5 e4 22.Nxe4 Qxf5 23.Rf1 Qg6
24.Rf4 d5 25.Bxb6 axb6 26.cxd5 cxd5 27.Rc7 dxe4 28.Rfxf7 Bd4+ 29.Kh2 Qe6
30.Qxe6 Rxe6 31.Bf1 e3 32.Bc4 Be5 33.Bxe6 Bxc7 34.Rxc7+ Kh8 35.Rc2  1-0

[Event "50th TCh-SRB Cup"]
[Site "Mataruska Banja SRB"]
[Date "2007.05.23"]
[Round "3"]
[White "Bogosavljevic,B"]
[Black "Simic,Dragi"]
[Result "1-0"]
[WhiteElo "2470"]
[BlackElo "2334"]

1.Nf3 Nf6 2.c4 g6 3.g3 Bg7 4.Bg2 O-O 5.O-O d6 6.d4 Nc6 7.Nc3 a6 8.Bd2 Rb8
9.Rc1 e6 10.b3 Bd7 11.h3 b5 12.d5 Ne7 13.dxe6 fxe6 14.cxb5 axb5 15.b4 h6
16.Qb3 Qe8 17.e4 Qf7 18.e5 Nfd5 19.Ne4 Rb6 20.Rxc7  1-0

[Event "50th TCh-SRB Cup"]
[Site "Mataruska Banja SRB"]
[Date "2007.05.24"]
[Round "4"]
[White "Bogosavljevic,B"]
[Black "Saric,S"]
[Result "1-0"]
[WhiteElo "2470"]
[BlackElo "2330"]

1.Nf3 Nf6 2.c4 g6 3.g3 Bg7 4.Bg2 O-O 5.O-O d6 6.d4 Na6 7.Nc3 c5 8.b3 d5 9.cxd5 Nxd5
10.Bb2 Nxc3 11.Bxc3 Nc7 12.Qd3 Nd5 13.Bb2 Qa5 14.Ne5 cxd4 15.Bxd4 Nb4 16.Qc3 Rd8
17.e3 Be6 18.a3 Bxe5 19.Bxe5 Nc6 20.Qxa5 Nxa5 21.Bc7 Nxb3 22.Bxd8 Rxd8 23.Rfd1 Rc8
24.Rab1 b6 25.Bd5 Bxd5 26.Rxd5 Nc5 27.Rc1 Rb8 28.Rcd1 Kg7 29.g4 h6 30.h4 Rb7
31.Rd8 Rc7 32.Rc1 Rb7 33.Kg2 Ne6 34.Rd5 Nc5 35.f4 Kf6 36.g5+ hxg5 37.hxg5+ Ke6
38.Rcd1 f6 39.Kf3 Rc7 40.gxf6 exf6 41.Rd8 Rh7 42.Rg1 Rg7 43.e4 Ke7 44.Rgd1 g5
45.Ra8 Rf7 46.Rxa7+ Kf8 47.Rd8+ Kg7 48.Rxf7+ Kxf7 49.fxg5 fxg5 50.Rd6 g4+
51.Kf4 g3 52.Rxb6  1-0

[Event "Capo d'Orso"]
[Site "Porto Mannu PAL"]
[Date "2007.05.26"]
[Round "9"]
[White "Bruno,Fabi"]
[Black "Ziegler,A"]
[Result "1-0"]
[WhiteElo "2428"]
[BlackElo "2335"]

1.Nf3 Nf6 2.c4 g6 3.g3 Bg7 4.Bg2 O-O 5.O-O d6 6.Nc3 e5 7.d4 Nbd7 8.b3 Re8
9.Qc2 a6 10.e3 Rb8 11.Rd1 Qe7 12.Bb2 b5 13.dxe5 Nxe5 14.Nxe5 dxe5 15.cxb5 axb5
16.Nd5 Nxd5 17.Rxd5 Bf5 18.e4 c6 19.Rd3 Be6 20.Rc3 Bd7 21.Bc1 Red8 22.Be3 Be8
23.a4 bxa4 24.bxa4 Qb4 25.a5 Ra8 26.Bc5 Qb7 27.Bf1 Bf8 28.a6 Qc7 29.Rb3 Rdb8
30.Rab1 Rxb3 31.Rxb3 Qa5 32.Bxf8 Kxf8 33.Rb7 Rd8 34.Qb1 Rd4 35.Rb8 Ra4 36.Qd1 Rd4
37.Qc1 Rxe4 38.Rxe8+  1-0

[Event "50th TCh-SRB Cup"]
[Site "Mataruska Banja SRB"]
[Date "2007.05.27"]
[Round "7"]
[White "Bogosavljevic,B"]
[Black "Bakic,R"]
[Result "1-0"]
[WhiteElo "2470"]
[BlackElo "2382"]

1.Nf3 Nf6 2.c4 g6 3.g3 Bg7 4.Bg2 O-O 5.O-O d6 6.d4 c5 7.dxc5 dxc5 8.Ne5 Nfd7
9.Nd3 Ne5 10.Nxe5 Bxe5 11.Nc3 Nc6 12.Bh6 Re8 13.Rc1 Qa5 14.Bd2 Bf5 15.a3 Rad8
16.Nd5 Qa6 17.b4 Qxa3 18.b5 Na5 19.f4 Bd4+ 20.e3 Rxd5 21.cxd5 Bxe3+ 22.Bxe3 Qxe3+
23.Rf2 Nb3 24.Rc4 Bd7 25.Re4 Qc1 26.Qxc1 Nxc1 27.Bf1 Nb3 28.Ra2 e6 29.Re3 Nd4
30.Rxa7 Rb8 31.dxe6 fxe6 32.b6 Nc6 33.Bb5 Kf7 34.Bxc6 Bxc6 35.Rc3 Rd8 36.Rxc5 Rd1+
37.Kf2 Kf6 38.g4 Bd5 39.Ra8 g5 40.f5 Rd2+ 41.Ke3 Rxh2 42.fxe6 Kxe6 43.Rd8 Bh1
44.Rxg5 Rb2 45.Rh5 Bc6 46.Rh6+ Ke5 47.Rh5+ Kf6 48.Rd6+ Ke7 49.Rxc6 bxc6 50.Rxh7+ Kf6
51.b7 Kg6 52.Rc7 Kg5 53.Kd4 Rb5 54.Rg7+ Kf6 55.Rh7 Kg6 56.Rd7 Kg5 57.Kc4 Kg6
58.Rd6+ Kg7 59.Rd7+ Kg6 60.g5 Kh5 61.Rg7 Kg4 62.g6 Kg5 63.Rc7  1-0

[Event "XXII Felix Cup"]
[Site "Felix Spa ROM"]
[Date "2007.05.29"]
[Round "7"]
[White "Grunberg,M"]
[Black "Nanu,C"]
[Result "1-0"]
[WhiteElo "2442"]
[BlackElo "2509"]

1.Nf3 Nf6 2.c4 g6 3.g3 Bg7 4.Bg2 O-O 5.O-O c6 6.d4 d6 7.Nc3 Bf5 8.b3 Ne4
9.Bb2 Nxc3 10.Bxc3 Be4 11.Rc1 d5 12.Re1 e6 13.e3 Nd7 14.Bf1 g5 15.Nd2 Bg6
16.e4 c5 17.exd5 cxd4 18.Bb4 Re8 19.dxe6 fxe6 20.Bd6 Nf6 21.c5 Nd5 22.Qf3 Qd7
23.Bc4 Qf7 24.Qxf7+ Bxf7 25.Nf3 h6 26.Ne5 Nb4 27.Nxf7 Kxf7 28.a3 Na2 29.Rcd1 Nc3
30.Rd3 b5 31.Rf3+ Bf6 32.Be5 bxc4 33.Rxf6+ Kg8 34.bxc4 Rad8 35.c6  1-0

[Event "FSIMB June"]
[Site "Budapest HUN"]
[Date "2007.06.02"]
[Round "1"]
[White "Kahn,E"]
[Black "Werner,Di"]
[Result "1/2-1/2"]
[WhiteElo "2334"]
[BlackElo "2358"]

1.c4 Nf6 2.Nf3 g6 3.g3 Bg7 4.Bg2 O-O 5.O-O d6 6.Nc3 e5 7.d3 Nc6 8.Rb1 a5
9.a3 h6 10.b4 axb4 11.axb4 Re8 12.b5  1/2-1/2

[Event "35th World Open"]
[Site "King of Prussia USA"]
[Date "2007.06.02"]
[Round "5"]
[White "Izoria,Z"]
[Black "Tanaka,C"]
[Result "1-0"]
[WhiteElo "2641"]
[BlackElo "2116"]

1.Nf3 Nf6 2.c4 g6 3.g3 Bg7 4.Bg2 O-O 5.O-O d6 6.d4 c5 7.Nc3 Na6 8.b3 Nc7
9.Bb2 Rb8 10.Rc1 Nd7 11.Qd2 a6 12.dxc5 Nxc5 13.b4 N5e6 14.Nd5 Bxb2 15.Qxb2 b5
16.Nxc7 Nxc7 17.c5 d5 18.Rfd1 e6 19.e4 Qe8 20.Qe5 Rb7 21.c6 Ra7 22.Qd4 Ra8
23.Qb6 Qe7 24.Ne5 Qd6 25.Nd7 Rd8 26.e5 Qxb4 27.Nf6+  1-0

[Event "35th World Open"]
[Site "King of Prussia USA"]
[Date "2007.06.02"]
[Round "5"]
[White "Ehlvest,J"]
[Black "Bercys,S"]
[Result "1-0"]
[WhiteElo "2640"]
[BlackElo "2438"]

1.Nf3 Nf6 2.c4 g6 3.g3 Bg7 4.Bg2 O-O 5.O-O d6 6.d4 Nc6 7.Nc3 Bf5 8.Ne1 Qc8
9.e4 Bh3 10.f3 a6 11.Be3 Rb8 12.Rc1 Re8 13.Ne2 Bxg2 14.Kxg2 e6 15.Qd2 Ne7
16.Nd3 Nd7 17.Rfd1 c5 18.Nf2 cxd4 19.Bxd4 Bf8 20.b3 Nc6 21.Bb2 Be7 22.Ng4 Nde5
23.Nh6+ Kg7 24.h4 f6 25.f4 Nf7 26.Nxf7 Kxf7 27.h5 Rg8 28.hxg6+ hxg6 29.Rh1 b5
30.cxb5 Rxb5 31.Nd4 Rc5 32.b4  1-0

[Event "29th Mem Nezhmetdinov"]
[Site "Kazan RUS"]
[Date "2007.06.03"]
[Round "3"]
[White "Ioffe,D"]
[Black "Vafin,Na"]
[Result "1/2-1/2"]
[WhiteElo "2195"]
[BlackElo "2085"]

1.Nf3 Nf6 2.c4 g6 3.g3 Bg7 4.Bg2 O-O 5.O-O d6 6.Nc3 c6 7.d3 a5 8.Rb1 Na6
9.a3 Rb8 10.b4 Ne8 11.Qc2 axb4 12.axb4 Bd7 13.b5 Nc5 14.Bg5 h6 15.bxc6 Bxc6
16.Be3 e5  1/2-1/2

[Event "XV Lasker Mem Open A"]
[Site "Barlinek POL"]
[Date "2007.06.09"]
[Round "9"]
[White "Poniewierski,P"]
[Black "Rymskyy,A"]
[Result "0-1"]
[WhiteElo "2046"]
[BlackElo "2093"]

1.Nf3 Nf6 2.c4 g6 3.g3 Bg7 4.Bg2 O-O 5.O-O d6 6.Nc3 c5 7.d4 cxd4 8.Nxd4 Nc6
9.Nc2 Qa5 10.Bd2 Qh5 11.e4 Ng4 12.h3 Nge5 13.Qxh5 gxh5 14.Ne3 Bxh3 15.f4 Bxg2
16.Kxg2 Ng4 17.Nf5 Bxc3 18.bxc3 Rfd8 19.Rab1 b6 20.Rb5 Nf6 21.Kf3 Rac8 22.Be3 e6
23.Nxd6 Rxd6 24.e5 Rd3 25.exf6 Rxc3 26.Rg5+ Kf8 27.Rxh5 Nd4+ 28.Kg4 Rxe3
29.Rxh7 Ke8 30.Rd1 Re4 31.Rh8+ Kd7 32.Rh7 Rf8 33.Rh5 Kc6 34.Re5 Rg8+ 35.Kh3 Rxe5
36.fxe5 Kc5 37.g4 Nf3 38.Rd7 Nxe5 39.Rxa7 Rg6 40.a4 Rxf6 41.a5 Nc6  0-1

[Event "XXV Open"]
[Site "Novi Becej SRB"]
[Date "2007.06.13"]
[Round "5"]
[White "Radosavljevic,S"]
[Black "Andrejic,V"]
[Result "1/2-1/2"]
[WhiteElo "2247"]
[BlackElo "2197"]

1.c4 Nf6 2.g3 g6 3.Bg2 Bg7 4.Nf3 O-O 5.O-O d6 6.Nc3 e5 7.d3 Nc6 8.Rb1 a5
9.a3 h6 10.b4 axb4 11.axb4 Be6 12.b5 Ne7 13.Bb2 Qd7 14.Qb3 Bh3 15.Ra1 Bxg2
16.Kxg2 Rab8 17.Ra7 Nh5 18.h3 Kh7 19.d4 exd4 20.Nd5 c5 21.bxc6 Nxc6 22.Ra2 Rfe8
23.e3 Re4  1/2-1/2

[Event "GM"]
[Site "Perm RUS"]
[Date "2007.06.14"]
[Round "3"]
[White "Gavrjushin,O"]
[Black "Tihonov,J"]
[Result "1/2-1/2"]
[WhiteElo "2407"]
[BlackElo "2537"]

1.Nf3 Nf6 2.c4 g6 3.g3 Bg7 4.Bg2 O-O 5.d4 d6 6.O-O c6 7.Nc3 Qb6 8.h3 Qa6
9.Qd3 Be6 10.b3 d5 11.Ne5 Rd8 12.cxd5 Nxd5 13.Nxd5 Bxd5 14.Bxd5 Rxd5 15.Qf3 Bxe5
16.dxe5 Nd7 17.e6 fxe6 18.Bb2 Rf8 19.Qg4 c5 20.Rad1 Nf6 21.Bxf6 exf6 22.Rxd5 exd5
23.Qd7 d4 24.Qd5+ Rf7 25.Qxc5 Qxa2 26.Qc4 Qd2 27.Rc1 Kg7 28.Rc2 Qd1+ 29.Kg2 b5
30.Qd3 Qxd3 31.exd3 a5 32.Rc5 Rb7 33.Kf3 a4 34.bxa4 bxa4 35.Ra5 Rb4 36.Ra7+ Kh6
37.h4 f5 38.Kf4 Rb3 39.f3 Rxd3 40.g4 fxg4 41.fxg4 g5+ 42.hxg5+ Kg6 43.Ra6+ Kg7
44.Rxa4 Rd1  1/2-1/2

[Event "III Perla Baltyku A"]
[Site "Mielno POL"]
[Date "2007.06.23"]
[Round "7"]
[White "Sokolowski,Ry"]
[Black "Fistek,D"]
[Result "0-1"]
[WhiteElo "2089"]
[BlackElo "2164"]

1.Nf3 Nf6 2.c4 g6 3.g3 Bg7 4.Bg2 O-O 5.d4 d6 6.Nc3 Nc6 7.O-O a6 8.d5 Na5
9.Nd2 c5 10.Qc2 Rb8 11.Rb1 b5 12.b3 e5 13.cxb5 axb5 14.b4 cxb4 15.Rxb4 Bd7
16.Ba3 Ne8 17.Rfb1 Nc7 18.R4b2 Qe7 19.Nce4 Ne8 20.Nxd6 Nxd6 21.Qc7 Nab7 22.Ne4 Rfc8
23.Bxd6 Nxd6 24.Qxd6 Qxd6 25.Nxd6 Rc5 26.h3 f5 27.a4 e4 28.Rb3 Rxd5 29.Nxb5 Rd2
30.f3 Rxe2 31.fxe4 fxe4 32.Rb4 Bc6 33.Bf1 Re3 34.Bc4+ Kf8 35.Rf1+ Rf3 36.Rbb1 Be5
37.g4 Kg7 38.Rxf3 exf3 39.Re1 Kf6 40.Kf2 Rd8 41.Ke3 Kg5 42.a5 Bf4+ 43.Kf2 Rd2+
44.Kf1 Kh4 45.Re7 Kg3 46.Nc3 Rf2+ 47.Kg1 Rg2+ 48.Kf1 Rh2  0-1

[Event "Spring A"]
[Site "Volodarskij RUS"]
[Date "2007.07.05"]
[Round "13"]
[White "Korjakin,B"]
[Black "Tomilin,Ar"]
[Result "0-1"]
[WhiteElo "2274"]
[BlackElo "2365"]

1.Nf3 Nf6 2.g3 g6 3.Bg2 Bg7 4.c4 O-O 5.d4 d5 6.cxd5 Nxd5 7.O-O Nc6 8.e4 Nb6
9.d5 Na5 10.Nc3 c6 11.Re1 Nac4 12.Nd4 e5 13.Nde2 c5 14.a4 Bd7 15.b3 Nd6 16.Ba3 Rc8
17.Rc1 Be8 18.f4 Nd7 19.Kh1 a6 20.Bh3 b5 21.b4 c4 22.fxe5 Nxe5 23.Bxc8 Qxc8
24.Rc2 Bd7 25.Bc1 Nd3 26.Rf1 Bh3 27.Bf4 Bxf1 28.Qxf1 Nxb4 29.Bxd6 Nxc2 30.Bxf8 Qxf8
31.axb5 axb5 32.Qb1 Na3 33.Qc1 b4 34.Nd1 Qe7 35.Qf4 Be5 36.Qd2 Bd6 37.Nf2 Bc5
38.Nd4 Qf6 39.e5 Qxe5 40.Nf3 Qf5 41.Kg2 c3 42.Qd1 Nc2 43.Qe2 Ne3+ 44.Kh1 c2
45.Nd3 Qxd3 46.Qxd3 c1=R+ 47.Ng1 Ng4 48.Kg2 Rxg1+ 49.Kf3 Ne5+  0-1

[Event "Kotov Mem"]
[Site "Tula RUS"]
[Date "2007.07.08"]
[Round "13"]
[White "Kovchan,A"]
[Black "Zakharevich,I"]
[Result "1/2-1/2"]
[WhiteElo "2527"]
[BlackElo "2463"]

1.Nf3 Nf6 2.c4 g6 3.g3 Bg7 4.Bg2 O-O 5.O-O d6 6.Nc3 e5 7.d3 Nc6 8.Rb1 a5
9.a3 h6 10.b4 axb4 11.axb4 Be6 12.b5 Ne7 13.Bb2 Qd7 14.Re1 Bh3 15.Bh1 Ng4
16.Qb3 Kh8 17.Ra1 Rab8 18.Ra7 f5 19.e3 Ra8  1/2-1/2

[Event "New Jersey Futurity"]
[Site "Parsippany USA"]
[Date "2007.07.09"]
[Round "4"]
[White "Panchanathan,M"]
[Black "Ju,E"]
[Result "1-0"]
[WhiteElo "2486"]
[BlackElo "2173"]

1.Nf3 Nf6 2.g3 g6 3.Bg2 Bg7 4.c4 O-O 5.Nc3 c6 6.O-O d6 7.Rb1 e5 8.d3 Re8
9.b4 d5 10.e4 dxc4 11.dxc4 Qc7 12.c5 Bg4 13.h3 Bxf3 14.Bxf3 Nbd7 15.Be2 Nf8
16.Bc4 Rad8 17.Qb3 Ne6 18.Bxe6 Rxe6 19.Be3 Re7 20.a4 Nd7 21.Rfd1 h6 22.b5 Nf8
23.b6 Rxd1+ 24.Rxd1 axb6 25.cxb6 Qc8 26.a5 Ne6 27.a6 bxa6 28.Na4 Bf8 29.Qc4 Qb7
30.Rd6 Rd7 31.Rxc6 Rd1+ 32.Kh2 Nd4 33.Rc7 Nf3+ 34.Kg2 Ne1+ 35.Kf1 Ng2+ 36.Ke2 Re1+
37.Kd2  1-0

[Event "New Jersey Futurity"]
[Site "Parsippany USA"]
[Date "2007.07.11"]
[Round "9"]
[White "Bartell,T"]
[Black "Ju,E"]
[Result "1-0"]
[WhiteElo "2398"]
[BlackElo "2173"]

1.Nf3 Nf6 2.c4 g6 3.g3 Bg7 4.Bg2 O-O 5.O-O d6 6.d4 c6 7.Nc3 Qa5 8.e4 Bg4
9.h3 Bxf3 10.Bxf3 Nbd7 11.a3 e5 12.d5 cxd5 13.cxd5 a6 14.Be3 b5 15.Na2 Rac8
16.Nb4 Nb8 17.Rc1 Qd8 18.g4 Nfd7 19.Nc6 Nxc6 20.dxc6 Nc5 21.g5 Ne6 22.Bg4 Qe7
23.Bxe6 Qxe6 24.Qg4 Qb3 25.Qd7 Qxb2 26.c7 Qxa3 27.Rfd1 Rfe8 28.Rxd6  1-0

[Event "ch-SCO"]
[Site "Cumbernauld SCO"]
[Date "2007.07.13"]
[Round "7"]
[White "McNab,C"]
[Black "Hilton,S"]
[Result "1-0"]
[WhiteElo "2418"]
[BlackElo "1992"]

1.c4 g6 2.g3 Bg7 3.Bg2 Nf6 4.Nf3 O-O 5.O-O d6 6.d4 c6 7.b3 a6 8.Bb2 b5 9.Nbd2 Bb7
10.Qc2 Nbd7 11.e4 c5 12.e5 Ne8 13.e6 fxe6 14.Ng5 Bxg2 15.Nxe6 Qc8 16.Kxg2 Rf7
17.Nxg7 Nxg7 18.d5 Qb7 19.Ne4 h6 20.Rae1 Nf6 21.Bxf6  1-0

[Event "Open"]
[Site "Ghent BEL"]
[Date "2007.07.15"]
[Round "4"]
[White "Heemskerk,W"]
[Black "Cools,G"]
[Result "1-0"]
[WhiteElo "2237"]
[BlackElo "2335"]

1.Nf3 Nf6 2.c4 g6 3.g3 Bg7 4.Bg2 O-O 5.O-O d6 6.Nc3 c6 7.Rb1 d5 8.b3 Re8
9.d3 Na6 10.cxd5 cxd5 11.e4 Nxe4 12.Nxe4 dxe4 13.dxe4 Nb4 14.Qe2 b6 15.Rd1 Ba6
16.Qe1 Nd3 17.Qe3 Qd7 18.Bf1 Red8 19.Ne1 Bd4 20.Rxd3 Bxd3 21.Qxd3 Rac8 22.Be3 Bxe3
23.Qxe3 Qd2 24.Qxd2 Rxd2 25.a4 Rc3 26.Bc4 Kg7 27.e5 e6 28.Kg2 h6 29.h4 Kf8
30.Nf3 Rd8 31.Rb2 Rc1 32.Rd2 Rd1 33.Rxd8+ Rxd8 34.Kf1 Rd1+ 35.Ke2 Rd7 36.Ke3 Kg7
37.Nd4 g5 38.hxg5 hxg5 39.f4 gxf4+ 40.gxf4 Kg6 41.Ke4 Rd8 42.f5+ exf5+ 43.Nxf5  1-0

[Event "XII Open"]
[Site "Balaguer ESP"]
[Date "2007.07.16"]
[Round "1"]
[White "Rotstein,A"]
[Black "Verdes Nadal,R"]
[Result "1-0"]
[WhiteElo "2515"]
[BlackElo "1994"]

1.c4 Nf6 2.Nf3 g6 3.g3 Bg7 4.Bg2 O-O 5.O-O c5 6.d4 cxd4 7.Nxd4 Nc6 8.Nc3 Nxd4
9.Qxd4 d6 10.Qd3 Rb8 11.Bf4 b6 12.Rac1 Bb7 13.e4 Rc8 14.b3 Bc6 15.Rfd1 Qc7
16.Nd5 Bxd5 17.cxd5 Qd7 18.Rc6 e5 19.Bg5 Rxc6 20.dxc6 Qxc6 21.Qxd6 Qc2 22.Rc1  1-0

[Event "Czech Open GMA"]
[Site "Pardubice CZE"]
[Date "2007.07.20"]
[Round "1"]
[White "Cortes Lizano,J"]
[Black "Korobov,A"]
[Result "0-1"]
[WhiteElo "2289"]
[BlackElo "2530"]

1.c4 Nf6 2.Nf3 g6 3.g3 Bg7 4.Bg2 O-O 5.O-O d6 6.Nc3 Nc6 7.d3 a6 8.Rb1 Rb8
9.b4 d5 10.cxd5 Nxd5 11.Nxd5 Qxd5 12.a4 b5 13.Bf4 Qd7 14.axb5 Rxb5 15.Qa4 Bb7
16.Rfc1 Rb8 17.Rc4 e5 18.Bd2 Ne7 19.Rbc1 Nd5 20.Rc5 c6 21.Qa3 h6 22.h4 Re8
23.e4 Nc7 24.Kh2 Rd8 25.Bf1 Ne6 26.R5c4 Qe7 27.Qc3 f5 28.h5 Qf6 29.Bg2 g5
30.exf5 Qxf5 31.Re4 c5 32.bxc5 Rxc5 33.Bh3 g4 34.Bxg4 Qxg4 35.Rxg4 Rxc3 36.Rxc3 Bxf3
37.Rg6 Kf7 38.Bxh6 Bf6 39.g4 e4 40.Rc6 exd3 41.Rxa6 d2 42.Bxd2 Rxd2 43.Rxe6 Kxe6
44.g5 Kf5 45.gxf6 Bd5 46.Kg3 Rd3+ 47.Kh2 Rf3 48.Kg2 Ra3+ 49.Kh2 Ra2 50.Kg3 Ra3+
51.Kh2 Ra1 52.f7 Bxf7 53.Rb6 Bxh5 54.Rb5+ Kg6 55.Rb6+ Kg5 56.Rb5+ Kh6 57.Kg2 Ra3
58.Rc5 Kg6 59.Kh2 Bg4 60.Rb5 Kf6 61.Rc5 Rd3 62.Rb5 Bf3 63.Ra5 Bd5 64.Rb5 Kf5
65.Rb8 Kg4 66.Rb4+ Kf3 67.Rb2 Rd1 68.Rc2 Kf4 69.f3 Bxf3  0-1

[Event "2nd Crete Summer Cup"]
[Site "Agios Nikolaos GRE"]
[Date "2007.07.21"]
[Round "1"]
[White "Bernal Moro,L"]
[Black "Kafetzopoulos,A"]
[Result "1-0"]
[WhiteElo "2431"]
[BlackElo "1902"]

1.Nf3 Nf6 2.c4 g6 3.g3 Bg7 4.Bg2 O-O 5.O-O d6 6.d4 Nc6 7.d5 Na5 8.Nbd2 c5
9.e4 Nd7 10.Rb1 b5 11.cxb5 a6 12.a4 Qb6 13.b4 cxb4 14.Rxb4 Nc5 15.Bb2 Nd3
16.Bxg7 Nxb4 17.Bxf8 Kxf8 18.Qb1  1-0

[Event "Najdorf Mem GpA"]
[Site "Grodzisk Mazowiecki POL"]
[Date "2007.07.22"]
[Round "3"]
[White "Urban,K"]
[Black "Piorun,K"]
[Result "1-0"]
[WhiteElo "2481"]
[BlackElo "2359"]

1.Nf3 Nf6 2.c4 g6 3.g3 Bg7 4.Bg2 O-O 5.d4 d6 6.Nc3 Nbd7 7.O-O e5 8.e4 c6
9.h3 Qb6 10.dxe5 dxe5 11.Qc2 Qb4 12.b3 Qe7 13.Be3 b6 14.Rab1 Bb7 15.b4 Rfe8
16.Rfd1 c5 17.b5 Nf8 18.Nd5 Nxd5 19.cxd5 Rad8 20.Nd2 Bc8 21.Nc4 f5 22.a4 Qf7
23.Qc1 Bd7 24.Bg5 Bf6 25.Nd6 Qe7 26.Bxf6 Qxf6 27.Nxe8 Rxe8 28.exf5 gxf5 29.Qc3 Qd6
30.Qd2 Re7 31.Rb3 Ng6 32.Rc3 Rg7 33.Re1 e4 34.f3 e3 35.Rcxe3 Qxg3 36.f4 Qxf4
37.d6 Nf8 38.Qd5+ Kh8 39.Re7 Qg3 40.R1e3 Qg5 41.h4 Qxh4 42.Qe5 Qg5 43.Qxg7+ Qxg7
44.Rxg7 Kxg7 45.Re7+ Kf6 46.Bd5 Be6 47.Bxe6 Nxe6 48.Re8  1-0

[Event "Siberia B"]
[Site "Novosibirsk RUS"]
[Date "2007.07.22"]
[Round "3"]
[White "Permiakov,V"]
[Black "Giljazitdinov,E"]
[Result "0-1"]
[WhiteElo "2336"]
[BlackElo "2086"]

1.c4 Nf6 2.Nf3 g6 3.g3 Bg7 4.Bg2 O-O 5.Nc3 d6 6.O-O Nc6 7.Rb1 e5 8.d3 Bg4
9.h3 Bf5 10.Ng5 h6 11.Nge4 Nxe4 12.Nxe4 Kh7 13.Nc3 Qd7 14.Kh2 Be6 15.b4 Rae8
16.Nd5 Nd8 17.b5 c6 18.bxc6 bxc6 19.Nc3 f5 20.Qb3 Re7 21.Ba3 Nf7 22.Rfe1 e4
23.Rbd1 Ne5 24.Bc1 g5 25.dxe4 f4 26.Na4 Qc7 27.Nb2 Ref7 28.Qc2 fxg3+ 29.fxg3 Rf2
30.Rf1 Bxh3 31.Kxh3 Qd7+ 32.Kh2 Nf3+ 33.exf3 Rxc2 34.Nd3 Qf7 35.Nb4 Rxc4
36.a3 a5 37.Nd3 Rc2 38.Rf2 Qh5+ 39.Bh3 Rxf2+ 40.Nxf2 Qxf3 41.Rd2 Qc3 42.Nd3 Bd4
43.Rd1 c5 44.Bg2 c4 45.Ne1 Rf2 46.Nf3 Qxf3  0-1

[Event "Najdorf Mem GpA"]
[Site "Grodzisk Mazowiecki POL"]
[Date "2007.07.24"]
[Round "5"]
[White "Yaremko,N"]
[Black "Onischuk,V"]
[Result "0-1"]
[WhiteElo "2351"]
[BlackElo "2506"]

1.Nf3 Nf6 2.c4 g6 3.g3 Bg7 4.Bg2 O-O 5.O-O d6 6.Nc3 e5 7.d3 h6 8.Rb1 a5 9.a3 Be6
10.b4 axb4 11.axb4 Qc8 12.Re1 Bh3 13.Bh1 Nc6 14.b5 Ne7 15.b6 c5 16.Nb5 Qd7
17.Nd2 Kh7 18.Ne4 Nxe4 19.dxe4 Rad8 20.Qd3 Nc6 21.Bd2 f5 22.Red1 f4 23.Bg2 Bg4
24.Rf1 Nd4 25.Nxd4 cxd4 26.Bb4 Rc8 27.Rbc1 g5 28.Rc2 Rc6 29.c5 Rfc8 30.Rfc1 dxc5
31.Bxc5 Qe6 32.Bf1 Bh5 33.Bg2 Bg6 34.h3 Bf6 35.e3 dxe3 36.fxe3 fxg3 37.Bb4 Rxc2
38.Rxc2 Rxc2 39.Qxc2 Qxb6 40.Bd2 h5 41.Bf3 h4 42.Bg4 Qc6 43.Qd3 Qxe4 44.Qb5 Qb1+
45.Qxb1 Bxb1 46.Bf3 e4 47.Bg4 Kg6  0-1